000 00870cam a2200193 4500
001 WB3903-14
008 030123n2003 000 0 eng u
035 _a(Sirsi) u121101
245 _aScottish Executive plans £450m for road and rail improvements
260 _c2003
490 _aScottish Executive News Release
_v(SEET240/2003) 22 January 2003, (3)
520 _aThe Scottish Executive has unveiled an estimated £450m package of improvements for roads and public transport, which is designed to increase access to jobs and improve transport links for those living between Edinburgh and Glasgow. http://www.scotland.gov.uk/pages/news/2003/01/p_SEET240.aspx
590 _aWB
650 _aPROPERTY-INFRASTRUCTURE-TRANSPORT INFRASTRUCTURE-ROAD INFRASTRUCTURE
650 _aRAIL
650 _aSCOTLAND
690 _aTRANSPORT AND COMMUNICATIONS
942 _n0
999 _c71961
_d71961